| 000 | 00381nam a2200145 a 4500 | ||
|---|---|---|---|
| 001 | 4856 | ||
| 003 | CDMR | ||
| 005 | 20130313130518.0 | ||
| 008 | 130130s2006||||||||||||||||||||||||||||d | ||
| 020 | _a8439372795 | ||
| 040 |
_aCDMR _bcat _cCPC LLEIDA |
||
| 245 | 0 |
_aHuellas _cHumberto Rivas |
|
| 260 |
_c2006 _aBarcelona _bGeneralitat de Catalunya. Departament de Cultura |
||
| 942 |
_cMON _2ddc |
||
| 999 |
_c4856 _d4856 |
||